Fósiles /
Procesos correspondientes a la formación y preservación de los fósiles. Relación entre la paleontología y los diversos campos de estudio: antropología, botánica, química, etc. Fósil, molde, microfósil.
Guardado en:
| Autor Corporativo: | |
|---|---|
| Formato: | |
| Materias: | |
| Etiquetas: |
Agregar Etiqueta
Sin Etiquetas, Sea el primero en etiquetar este registro!
|
| LEADER | 00831ngm a22002055g 4500 | ||
|---|---|---|---|
| 001 | CEM.cems021560 | ||
| 008 | 130507b199?##################0###0#####d | ||
| 005 | 20240828154942.0 | ||
| 245 | 1 | 0 | |a Fósiles / |c Videopedia Britannica |
| 300 | |a 16 | ||
| 500 | |a En soporte VHS, consultar en ventanilla. | ||
| 538 | |a Soporte: VHS - Norma: Pal N - Color - Compra CEMS - Hitachi=2020 | ||
| 520 | |a Procesos correspondientes a la formación y preservación de los fósiles. Relación entre la paleontología y los diversos campos de estudio: antropología, botánica, química, etc. Fósil, molde, microfósil. | ||
| 110 | 2 | |a Videopedia Britannica. | |
| 082 | 5 | 5 | |/ VID |
| 653 | |a GEOLOGIA | ||
| 653 | |a PALEONTOLOGIA | ||
| 653 | |a FOSILES | ||
| 653 | |a NIVEL SECUNDARIO | ||
| 859 | |a CEMS |b BIB. CEMS - Depto. Recursos Didacticos |h 550 |i VID |k DRD |p 203.12 |t Ej.1 | ||
